[Event "Bayern-ch (Women) 83th"]
[Site "Bayerisch Eisenstein"]
[Date "2012.08.25"]
[Round "8"]
[White "Zuerner, Bianca"]
[Black "Roos, Karin"]
[Result "0-1"]
[WhiteElo "1273"]
[BlackElo "1694"]
[PlyCount "116"]
[EventDate "2012.08.18"]
[EventType "swiss"]
[EventRounds "9"]
[EventCountry "GER"]
[SourceTitle "EXT 2013"]
[Source "ChessBase"]
[SourceDate "2012.11.22"]
[SourceVersion "1"]
[SourceVersionDate "2012.11.22"]
[SourceQuality "1"]

1. d4 Nf6 2. Nf3 g6 3. g3 Bg7 4. Bg2 c5 5. c3 cxd4 6. Nxd4 0-0 7. 0-0 Nc6 8. Nxc6 dxc6 9. Nd2 Qa5 10. Nf3 Rd8 11. Qb3 Qd5 12. Qxd5 Nxd5 13. Rd1 Bg4 14. h3 Bxf3 15. Bxf3 f5 16. Bxd5+ cxd5 17. Bg5 Kf7 18. Rd3 h6 19. Be3 b6 20. Rad1 e6 21. c4 Bxb2 22. cxd5 Bf6 23. dxe6+ Kxe6 24. Rxd8 Rxd8 25. Rxd8 Bxd8 26. Bxh6 Bf6 27. Kf1 Kd5 28. Ke1 b5 29. h4 Be5 30. Bf8 Kc4 31. Kd2 b4 32. Kc2 Bc3 33. f3 Be1 34. Bd6 a5 35. e4 fxe4 36. fxe4 a4 37. Bf4 Kd4 38. e5 Kd5 39. Kb2 Bc3+ 40. Kc2 Bxe5 41. Bxe5 Kxe5 42. Kd3 Kf5 43. Kc4 b3 44. axb3 axb3 45. Kxb3 Kg4 46. Kc3 Kxg3 47. Kd3 Kxh4 48. Ke2 Kg3 49. Kf1 Kh2 50. Kf2 g5 51. Kf3 Kh3 52. Kf2 g4 53. Kg1 Kg3 54. Kh1 Kf2 55. Kh2 g3+ 56. Kh1 g2+ 57. Kh2 g1Q+ 58. Kh3 Qg3# 0-1

[Event "Bayern-ch (Women) 83th"]
[Site "Bayerisch Eisenstein"]
[Date "2012.08.21"]
[Round "4"]
[White "Homfeldt, Maren"]
[Black "Zuerner, Bianca"]
[Result "1/2-1/2"]
[WhiteElo "848"]
[BlackElo "1273"]
[PlyCount "59"]
[EventDate "2012.08.18"]
[EventType "swiss"]
[EventRounds "9"]
[EventCountry "GER"]
[SourceTitle "EXT 2013"]
[Source "ChessBase"]
[SourceDate "2012.11.22"]
[SourceVersion "1"]
[SourceVersionDate "2012.11.22"]
[SourceQuality "1"]

1. g3 Nf6 2. Bg2 g6 3. d3 Bg7 4. h3 d6 5. Nd2 0-0 6. e3 c6 7. Kf1 Be6 8. Ne2 h6 9. c3 Bd7 10. b3 Nd5 11. Bb2 e5 12. Kg1 f5 13. Kh2 Nf6 14. Ba3 Be6 15. Nc4 Ne8 16. d4 e4 17. Nf4 Bxc4 18. bxc4 Rf6 19. c5 d5 20. Qa4 Nc7 21. Bf1 Nd7 22. Rg1 b5 23. Qa5 Ne6 24. Qxd8+ Rxd8 25. Nxe6 Rxe6 26. Bb4 Nf6 27. Ba5 Rc8 28. a4 a6 29. axb5 axb5 30. Bb4 1/2-1/2

[Event "Bayern-ch (Women) 83th"]
[Site "Bayerisch Eisenstein"]
[Date "2012.08.18"]
[Round "1"]
[White "Zuerner, Bianca"]
[Black "Heyne, Regina"]
[Result "0-1"]
[WhiteElo "1273"]
[BlackElo "1727"]
[PlyCount "106"]
[EventDate "2012.08.18"]
[EventType "swiss"]
[EventRounds "9"]
[EventCountry "GER"]
[SourceTitle "EXT 2013"]
[Source "ChessBase"]
[SourceDate "2012.11.22"]
[SourceVersion "1"]
[SourceVersionDate "2012.11.22"]
[SourceQuality "1"]

1. d4 d5 2. Nf3 Nf6 3. g3 e6 4. Bg2 b6 5. 0-0 Bb7 6. b3 Be7 7. Bb2 0-0 8. Nbd2 c5 9. c4 dxc4 10. dxc5 Bxc5 11. Nxc4 Na6 12. Qxd8 Rfxd8 13. Rfd1 Nc7 14. Be5 Nce8 15. Bd4 Bxd4 16. Rxd4 Rxd4 17. Nxd4 Bxg2 18. Kxg2 Ne4 19. f3 Nc3 20. a4 Nd5 21. Nc6 Kf8 22. b4 f6 23. b5 Ne7 24. Nb4 Rd8 25. e3 Nd5 26. Nc6 Rc8 27. Rd1 Rc7 28. Rc1 Ne7 29. Na3 Nxc6 30. Rxc6 Rxc6 31. bxc6 Nc7 32. Nb5 Nxb5 33. axb5 Ke7 34. e4 Kd6 35. Kf2 a6 36. bxa6 Kxc6 37. Ke3 e5 38. Kd3 b5 39. Kc3 Kb6 40. a7 Kxa7 41. Kb4 Kb6 42. h3 Kc6 43. f4 h5 44. fxe5 fxe5 45. g4 hxg4 46. hxg4 g5 47. Kc3 Kc5 48. Kb3 b4 49. Kc2 Kd4 50. Kb3 Kxe4 51. Kxb4 Kf4 52. Kc4 Kxg4 53. Kd5 Kf4 0-1

[Event "Oberfranken-ch"]
[Site "Schney"]
[Date "2011.01.06"]
[Round "7.6"]
[White "Greger, Matthias"]
[Black "Zuerner, Bianca"]
[Result "1-0"]
[WhiteElo "1663"]
[BlackElo "1241"]
[PlyCount "57"]
[EventDate "2011.01.03"]
[EventType "swiss"]
[EventRounds "7"]
[EventCountry "GER"]
[SourceTitle "EXT 2022"]
[Source "ChessBase"]
[SourceDate "2021.10.06"]
[SourceVersion "1"]
[SourceVersionDate "2021.10.06"]
[SourceQuality "1"]

1. e4 d6 2. d4 g6 3. c3 Bg7 4. Nf3 Nf6 5. Nbd2 0-0 6. Bd3 Re8 7. e5 Nd5 8. 0-0 Nf4 9. Nc4 Nxd3 10. Qxd3 Bf5 11. Qe2 d5 12. Ne3 Qd7 13. Nxf5 Qxf5 14. Qb5 Nc6 15. Qxb7 Qd7 16. Qb3 e6 17. Qc2 Ne7 18. Bg5 h6 19. Be3 Rab8 20. b4 Nf5 21. h3 Nxe3 22. fxe3 Rf8 23. a3 g5 24. Nh2 h5 25. Qe2 h4 26. Ng4 Qe7 27. Nf6+ Bxf6 28. exf6 Qd6 29. Qh5 1-0

[Event "Bayern-ch (Women) 81st"]
[Site "Bad Koenigshofen"]
[Date "2010.08.29"]
[Round "9"]
[White "Nieberle, Cornelia"]
[Black "Zuerner, Bianca"]
[Result "1-0"]
[WhiteElo "1692"]
[BlackElo "1241"]
[PlyCount "89"]
[EventDate "2010.08.22"]
[EventType "swiss"]
[EventRounds "9"]
[EventCountry "GER"]
[SourceTitle "EXT 2015"]
[Source "ChessBase"]
[SourceDate "2014.11.20"]
[SourceVersion "1"]
[SourceVersionDate "2014.11.20"]
[SourceQuality "1"]

1. d4 d5 2. e3 Bf5 3. Bd3 Bg6 4. c4 dxc4 5. Bxc4 Nd7 6. Nf3 Ngf6 7. Nc3 e6 8. 0-0 Nb6 9. Bd3 c6 10. Ne5 Bd6 11. f4 0-0 12. Qc2 Nbd5 13. a3 b6 14. Nxc6 Qc7 15. Ne5 Nxc3 16. bxc3 Rac8 17. Bd2 Bxd3 18. Qxd3 Nd7 19. Nxd7 Qxd7 20. a4 a5 21. Rfb1 Qc6 22. Qb5 Qxb5 23. Rxb5 Rb8 24. Rab1 Bc7 25. c4 Rfd8 26. Kf2 f5 27. Ke2 Kf7 28. Bc3 g6 29. c5 bxc5 30. dxc5 Rxb5 31. Rxb5 Kg8 32. Bxa5 Bxa5 33. Rxa5 h5 34. Ra6 Kf7 35. a5 Rd7 36. Rd6 Ke7 37. Rxd7+ Kxd7 38. Kd3 Kc6 39. Kc4 Kc7 40. Kb5 Kb7 41. a6+ Ka7 42. c6 h4 43. c7 e5 44. c8Q exf4 45. Qb7# 1-0

[Event "Oberfranken-ch U18 0910"]
[Site "Schney"]
[Date "2010.01.05"]
[Round "5"]
[White "Zuerner, Bianca"]
[Black "Seubert, Lukas"]
[Result "0-1"]
[WhiteElo "1329"]
[BlackElo "1557"]
[PlyCount "84"]
[EventDate "2010.01.03"]
[EventType "swiss"]
[EventRounds "7"]
[EventCountry "GER"]
[SourceTitle "EXT 2015"]
[Source "ChessBase"]
[SourceDate "2014.11.20"]
[SourceVersion "1"]
[SourceVersionDate "2014.11.20"]
[SourceQuality "1"]

1. d4 d5 2. Nc3 Bf5 3. Bf4 c6 4. e3 Nf6 5. Bd3 Bxd3 6. Qxd3 e6 7. Nf3 Bd6 8. Bxd6 Qxd6 9. 0-0 Nbd7 10. e4 dxe4 11. Nxe4 Nxe4 12. Qxe4 Nf6 13. Qe5 Qxe5 14. Nxe5 0-0 15. Rfd1 Rad8 16. Rd3 Nd7 17. Nxd7 Rxd7 18. Rad1 Rfd8 19. f3 Kf8 20. Kf2 Ke7 21. Ke3 Rd5 22. c4 R5d7 23. R1d2 Kf6 24. g3 Kf5 25. h3 e5 26. dxe5 Rxd3+ 27. Rxd3 Rxd3+ 28. Kxd3 Kxe5 29. Ke3 g5 30. f4+ gxf4+ 31. gxf4+ Kf5 32. Kf3 a5 33. a4 c5 34. b3 b6 35. h4 h5 36. Ke3 Kg4 37. Ke4 Kxh4 38. f5 Kg3 39. Ke5 h4 40. Kf6 h3 41. Kxf7 h2 42. f6 h1Q 0-1

[Event "Oberfranken-ch U18 0910"]
[Site "Schney"]
[Date "2010.01.03"]
[Round "2"]
[White "Holoubek, Jonas"]
[Black "Zuerner, Bianca"]
[Result "0-1"]
[WhiteElo "1317"]
[BlackElo "1329"]
[PlyCount "82"]
[EventDate "2010.01.03"]
[EventType "swiss"]
[EventRounds "7"]
[EventCountry "GER"]
[SourceTitle "EXT 2015"]
[Source "ChessBase"]
[SourceDate "2014.11.20"]
[SourceVersion "1"]
[SourceVersionDate "2014.11.20"]
[SourceQuality "1"]

1. Nf3 e6 2. c4 Nf6 3. d4 Bb4+ 4. Bd2 Bxd2+ 5. Nbxd2 0-0 6. e3 d5 7. c5 b6 8. b4 a5 9. a3 Nc6 10. Bb5 Bd7 11. cxb6 cxb6 12. Rc1 Na7 13. Bxd7 Qxd7 14. Ne5 Qd6 15. bxa5 bxa5 16. a4 Nd7 17. 0-0 Nxe5 18. dxe5 Qxe5 19. Rc5 Nc8 20. Nb3 Nd6 21. Nxa5 Ne4 22. Nc6 Qd6 23. Rc1 Nc5 24. Nd4 Nxa4 25. Rc6 Qe7 26. Qe2 Nc5 27. h3 Ne4 28. Rfc1 Qf6 29. Rc7 Qg6 30. R1c6 Ng5 31. Kh2 h6 32. h4 Ne4 33. Kh3 Ra1 34. Kh2 Qf6 35. Nf3 g5 36. hxg5 hxg5 37. Rc1 Rxc1 38. Rxc1 Kg7 39. Re1 g4 40. Ng1 Qh4+ 41. Nh3 Rh8 0-1

[Event "Oberfranken-ch U18 0910"]
[Site "Schney"]
[Date "2010.01.03"]
[Round "1"]
[White "Zuerner, Bianca"]
[Black "Buecker, Florian"]
[Result "0-1"]
[WhiteElo "1329"]
[BlackElo "1628"]
[PlyCount "66"]
[EventDate "2010.01.03"]
[EventType "swiss"]
[EventRounds "7"]
[EventCountry "GER"]
[SourceTitle "EXT 2015"]
[Source "ChessBase"]
[SourceDate "2014.11.20"]
[SourceVersion "1"]
[SourceVersionDate "2014.11.20"]
[SourceQuality "1"]

1. d4 e6 2. Nc3 d5 3. Nf3 Nf6 4. Bf4 Bb4 5. Bd2 b6 6. e3 Nbd7 7. Bd3 Bb7 8. Qe2 c5 9. Ba6 Bxa6 10. Qxa6 0-0 11. 0-0 Bxc3 12. Bxc3 Ne4 13. Qa3 Qc7 14. dxc5 bxc5 15. Qa5 Nb6 16. Be5 Qc6 17. b3 f6 18. Bb2 e5 19. Nh4 d4 20. exd4 cxd4 21. Nf5 Qe6 22. Ng3 Nxg3 23. fxg3 Rfc8 24. c4 dxc3 25. Bxc3 Nd5 26. Rac1 Qb6+ 27. Qxb6 axb6 28. Bd2 Rxc1 29. Rxc1 Rxa2 30. Rd1 Kf7 31. Kf1 Ke6 32. Ke1 e4 33. h3 e3 0-1

[Event "GER-chT U20 Girls "]
[Site "Chemnitz"]
[Date "2009.12.30"]
[Round "7.2"]
[White "Steinmann, Anna"]
[Black "Zuerner, Bianca"]
[Result "1-0"]
[WhiteElo "1123"]
[BlackElo "1329"]
[PlyCount "47"]
[EventDate "2009.12.27"]
[EventType "team-swiss"]
[EventRounds "7"]
[EventCountry "GER"]
[SourceTitle "EXT 2022"]
[Source "ChessBase"]
[SourceDate "2021.10.06"]
[SourceVersion "1"]
[SourceVersionDate "2021.10.06"]
[SourceQuality "1"]
[WhiteTeam "Vaterstetten SC U20 Girls"]
[BlackTeam "Fichtelgebirge U20 Girls"]
[WhiteTeamCountry "GER"]
[BlackTeamCountry "GER"]

1. e4 e5 2. Nf3 Nc6 3. Bc4 h6 4. Nc3 Nf6 5. d3 Bc5 6. 0-0 0-0 7. Be3 Bxe3 8. fxe3 d6 9. d4 Qe7 10. Nh4 Ng4 11. Ng6 Qg5 12. Nxf8 Nxe3 13. Qf3 Nd8 14. Bxf7+ Nxf7 15. Qxf7+ Kh8 16. Rf2 Bh3 17. Ng6+ Kh7 18. Qf3 Bd7 19. Nf8+ Kh8 20. Nxd7 Kh7 21. Nf8+ Kh8 22. Ne6 Qe7 23. Qxe3 Qxe6 24. Nd5 1-0

[Event "GER-chT U20 Girls "]
[Site "Chemnitz"]
[Date "2009.12.28"]
[Round "4.2"]
[White "Mitze, Alicia"]
[Black "Zuerner, Bianca"]
[Result "0-1"]
[WhiteElo "827"]
[BlackElo "1329"]
[PlyCount "96"]
[EventDate "2009.12.27"]
[EventType "team-swiss"]
[EventRounds "7"]
[EventCountry "GER"]
[SourceTitle "EXT 2022"]
[Source "ChessBase"]
[SourceDate "2021.10.06"]
[SourceVersion "1"]
[SourceVersionDate "2021.10.06"]
[SourceQuality "1"]
[WhiteTeam "Hattersheim U20 Girls"]
[BlackTeam "Fichtelgebirge U20 Girls"]
[WhiteTeamCountry "GER"]
[BlackTeamCountry "GER"]

1. e4 e5 2. Bc4 Nf6 3. Nc3 Bc5 4. d3 h6 5. Nf3 Nc6 6. 0-0 0-0 7. Be3 Bxe3 8. fxe3 d6 9. d4 Ng4 10. Qe2 Qe7 11. a3 Be6 12. d5 Na5 13. dxe6 Nxc4 14. Qxc4 Nxe3 15. exf7+ Rxf7 16. Qb3 Nxf1 17. Rxf1 c6 18. Kh1 Kh8 19. Qc4 Raf8 20. h3 Rf4 21. Ne2 d5 22. Nxf4 Rxf4 23. Qe2 Rxe4 24. Qf2 Kg8 25. b3 b6 26. g3 g5 27. Re1 Rxe1+ 28. Qxe1 e4 29. Nd4 Qd7 30. Qf1 Kg7 31. g4 Kg6 32. Qf2 c5 33. Nf5 h5 34. Kg2 Qe6 35. gxh5+ Kh7 36. Kg3 Qe5+ 37. Kg4 Qf6 38. Qd2 d4 39. Qe2 e3 40. Qd3 Kg8 41. Qa6 Kf8 42. h6 Kg8 43. Qxa7 e2 44. h7+ Kh8 45. Qa8+ Kxh7 46. Qe4 Kg6 47. Ng3+ Kh6 48. Qxe2 Qf4# 0-1

[Event "Oberfranken-ch U16 0809"]
[Site "Schney"]
[Date "2009.01.05"]
[Round "7"]
[White "Zuerner, Bianca"]
[Black "Dietz, Jessica"]
[Result "1-0"]
[WhiteElo "1050"]
[BlackElo "766"]
[PlyCount "93"]
[EventDate "2009.01.02"]
[EventType "swiss"]
[EventRounds "7"]
[EventCountry "GER"]
[SourceTitle "EXT 2012"]
[Source "ChessBase"]
[SourceDate "2011.11.24"]
[SourceVersion "1"]
[SourceVersionDate "2011.11.24"]
[SourceQuality "1"]

1. d4 e6 2. Nf3 d5 3. Nc3 Bb4 4. Bd2 Nf6 5. a3 Bd6 6. e3 Ne4 7. Nxe4 dxe4 8. Ne5 Be7 9. Qg4 f5 10. Qxg7 Rf8 11. Qxh7 Qd5 12. Bc4 Qd6 13. Bb4 Qd8 14. Bxe7 Qxe7 15. Qxe7+ Kxe7 16. Ng6+ Ke8 17. Nxf8 Kxf8 18. 0-0 Nc6 19. d5 Nd8 20. dxe6 Nxe6 21. Bxe6 Bxe6 22. f3 Bc4 23. Rf2 Bd5 24. fxe4 Bxe4 25. c3 Rd8 26. g4 Rd5 27. gxf5 Bxf5 28. e4 Re5 29. Rxf5+ Rxf5 30. exf5 Kf7 31. Rd1 Kf6 32. Rd7 c6 33. Rxb7 a6 34. Rb6 Kxf5 35. Rxc6 a5 36. Rc5+ Ke6 37. Rxa5 Kd6 38. Kf2 Kc6 39. Ke3 Kb6 40. Rh5 Ka7 41. Rh6 Kb7 42. Kd4 Kc7 43. Kd5 Kd7 44. Rh7+ Kc8 45. Kd6 Kb8 46. Kc6 Kc8 47. Rh8# 1-0

[Event "Oberfranken-ch U16 0809"]
[Site "Schney"]
[Date "2009.01.04"]
[Round "5"]
[White "Lockenvitz, Felix"]
[Black "Zuerner, Bianca"]
[Result "0-1"]
[WhiteElo "1126"]
[BlackElo "1050"]
[PlyCount "48"]
[EventDate "2009.01.02"]
[EventType "swiss"]
[EventRounds "7"]
[EventCountry "GER"]
[SourceTitle "EXT 2012"]
[Source "ChessBase"]
[SourceDate "2011.11.24"]
[SourceVersion "1"]
[SourceVersionDate "2011.11.24"]
[SourceQuality "1"]

1. e4 e5 2. d4 exd4 3. Nf3 Bb4+ 4. Bd2 Bxd2+ 5. Nbxd2 Nf6 6. Nxd4 0-0 7. Bc4 c6 8. e5 Re8 9. N2f3 d5 10. Be2 Ng4 11. 0-0 Nxe5 12. Re1 Nxf3+ 13. Nxf3 Nd7 14. Qd4 Qf6 15. Bd3 Rxe1+ 16. Rxe1 g6 17. Re8+ Kg7 18. Qb4 a5 19. Qe7 Qxe7 20. Rxe7 h6 21. Re8 Nb6 22. Ne5 Be6 23. Re7 Rb8 24. Bxg6 Kf6 0-1

[Event "Oberfranken-ch U16 0809"]
[Site "Schney"]
[Date "2009.01.02"]
[Round "1"]
[White "Zuerner, Bianca"]
[Black "Kuespert, Sven"]
[Result "0-1"]
[WhiteElo "1050"]
[BlackElo "1873"]
[PlyCount "90"]
[EventDate "2009.01.02"]
[EventType "swiss"]
[EventRounds "7"]
[EventCountry "GER"]
[SourceTitle "EXT 2012"]
[Source "ChessBase"]
[SourceDate "2011.11.24"]
[SourceVersion "1"]
[SourceVersionDate "2011.11.24"]
[SourceQuality "1"]

1. d4 Nf6 2. Nf3 e6 3. Nc3 d5 4. a3 c5 5. Bf4 Nc6 6. Nb5 Qa5+ 7. Nc3 Ne4 8. Be3 cxd4 9. Nxd4 Nxc3 10. Nxc6 Nxd1+ 11. Nxa5 Nxe3 12. fxe3 Bc5 13. Kd2 Bb6 14. Nb3 Bd7 15. Nd4 e5 16. Nf3 f6 17. g3 Rc8 18. c3 Rc4 19. b3 Re4 20. Bg2 Rxe3 21. Ne1 Bb5 22. Bf1 d4 23. c4 Bc6 24. Bg2 Bxg2 25. Nxg2 Rxb3 26. Rhb1 Rc3 27. Rb4 0-0 28. a4 Ba5 29. Rbb1 Rxg3+ 30. Kc2 Rxg2 31. Rxb7 Rc8 32. Kd3 Rxh2 33. Rg1 Rh3+ 34. Ke4 Rc7 35. Rxc7 Bxc7 36. Rb1 Bb6 37. Kd5 Kf7 38. c5 Ra3 39. cxb6 axb6 40. Rxb6 Rxa4 41. Rb7+ Kg6 42. Ke4 Ra3 43. Rb2 h5 44. Rb1 Re3+ 45. Kd5 Rxe2 0-1